| 000 | 00746nam a22002297a 4500 | ||
|---|---|---|---|
| 003 | UA-OsUOA | ||
| 001 | 41740 | ||
| 007 | ta | ||
| 008 | 20080930b un ||||| |||| 00| 0 ukr d | ||
| 100 | _aМиропольский С. | ||
| 090 |
_a09|81.36 _bМ64 |
||
| 942 | _cBK | ||
| 040 |
_aUA-OsUOA _brus _cUA-OsUOA _dUA-OsUOA |
||
| 245 |
_aКраткая грамматика церковно-славянского языка новаго періода. _bКурсъ элементарный. |
||
| 300 | _a96 с. | ||
| 955 | _a4 | ||
| 041 | _arus | ||
| 080 | _a09|81.36 | ||
| 260 |
_aПетроград _c1916 |
||
| 650 | 7 |
_a8 Мовознавство. Художня література. Літературознавство _2UDC |
|
| 999 |
_c440241 _d440241 |
||